Mariah Carey Discography - Statistics

General Stats
  • This quiz has been taken 222 times
    149 since last reset
  • The average score is 20 of 31
Answer Stats
Type Year Name % Correct
Album 1990 Mariah Carey
94%
Album 1991 Emotions
93%
Album 1995 Daydream
92%
Soundtrack 2001 Glitter
92%
Album 1999 Rainbow
92%
Album 1997 Butterfly
91%
Album 2018 Caution
91%
Album 1993 Music Box
91%
Album 2002 Charmbracelet
90%
Album 2005 The Emancipation of Mimi
90%
Album 2008 E=MC²
89%
Holiday Album 1994 Merry Christmas
87%
Live EP 1992 MTV Unplugged
84%
Album 2014 Me. I Am Mariah... The Exclusive Chanteuse
82%
Album 2009 Memoirs of an Imperfect Angel
81%
Compilation 1998 #1's
79%
Holiday Album 2010 Merry Christmas II You
78%
Compilation 2020 The Rarities
73%
Remix Album 2003 The Remixes
65%
Compilation 2001 Greatest Hits
63%
Compilation 2015 #1 to Infinity
58%
Compilation 2008 The Ballads
55%
Compilation 2010 Playlist: The Very Best of Mariah Carey
32%
Compilation 2011 The Essential Mariah Carey
32%
Soundtrack 2017 All I Want for Christmas Is You
31%
EP 2000 Valentines
29%
Compilation 2018 Japan Best
27%
Soundtrack 2020 Mariah Carey's Magical Christmas Special (Apple TV+ Original Soundtrack)
26%
Live Album 2020 The Live Debut - 1990
15%
Box Set 1998 12s
13%
Box Set 2009 3CD Collector's Set
10%
No matching quizzes found
Score Distribution
Percent of People with Each Score
Percentile by Number Answered
Your Score History
You have not taken this quiz since the last reset